• 首页
  • 本馆介绍
  • 公告通知
  • 最新文献
  • 馆藏检索
  • 电子资源
  • 读者导购
  • 参考咨询
  • 我的图书馆
  • 登录
  • 详细信息显示
  • 放入我的书架
  • 预约/预借图书
  • 作者相关作品
  • 分类相关作品
  • 丛书相关作品
  • 出版社相关作品

书目信息

  • 表格格式
  • 工作单格式
  • 卡片格式
题名:
农业化学
    
 
作者: 裴保义 , 彭克明 主编
分册:  
出版信息: 北京   农业出版社  1980
页数: 373页
开本: 25cm
丛书名:
单 册:
中图分类: S13
科图分类:
主题词: 农业化学--高等学校--教材
电子资源:
ISBN:
000 00674nam0 2200253 45
001 0180008915
005 20060801154629.94
010    @dCNY2.50
091    @a16144.2001
100    @a19950530d1980 em y0chiy0121 ea
101 0  @achi
102    @aCN@b110000
105    @ay z 000yy
200 10 @a农业化学@Anong ye hua xue@e总论@f彭克明,裴保义主编
210    @a北京@c农业出版社@d1980
215    @a373页@d25cm
300    @a全国高等农业院校试用教材
606    @a农业化学@x高等学校@x教材
690    @aS13@v3
701  0 @a裴保义@Apei bao yi@4主编
701  0 @a彭克明@Apeng ke ming@4主编
801  2 @aCN@bNLC@c20060801
801  0 @aCN@bTSSF
905    @a10447@dS13@e39
    
    农业化学:总论/彭克明,裴保义主编.-北京:农业出版社,1980
    373页;25cm
    全国高等农业院校试用教材
    
    ISBN :CNY2.50
    
●
相关链接 在E读中查询图书 在五车中查询图书 在当当中查询图书 在豆瓣中查询图书


正题名:农业化学     索取号:S13/39         预约/预借

序号 登录号 条形码 馆藏地/架位号 状态 备注
1 0439328   204393281   密集书库/ [索取号:S13/39] 在馆    
唐山师范学院图书馆 欢迎您!
大连网信软件有限公司© 版权所有